[Event "Oebro CXU International 2023"]
[Site "Copenhagen"]
[Date "2023.07.30"]
[Round "9.9"]
[White "Westrum, Kim Roger Hansen"]
[Black "Nielsen, Viktor Haarmark"]
[Result "1/2-1/2"]
[WhiteElo "2106"]
[BlackElo "2345"]
[PlyCount "61"]
[EventDate "2023.07.24"]
[EventType "swiss"]
[EventRounds "9"]
[EventCountry "DEN"]
[SourceTitle "Live v. Obro Skakforenin"]

1. e4 c5 2. c4 Nc6 3. Nc3 g6 4. g3 Bg7 5. Bg2 d6 6. Nge2 e6 7. d3 Nge7 8. O-O
O-O 9. a3 a5 10. Rb1 Bd7 11. Be3 e5 12. Nb5 Be6 13. Bg5 f6 14. Bd2 Qd7 15. Nec3
Nd4 16. Nxd4 cxd4 17. Nd5 Nxd5 18. cxd5 Bf7 19. Qb3 Rfc8 20. Rbc1 a4 21. Qb6
Bf8 22. b3 axb3 23. Qxb3 Be8 24. Rb1 Rc7 25. Rfc1 Rac8 26. Rxc7 Rxc7 27. Ba5
Rc5 28. Bb4 Rc7 29. Ba5 Rc5 30. Bb4 Rc7 31. Ba5 1/2-1/2

[Event "Oebro CXU International 2023"]
[Site "Copenhagen"]
[Date "2023.07.30"]
[Round "9.10"]
[White "Simonsen, Carsten"]
[Black "Loftgaard, Mikkel Vinh"]
[Result "1-0"]
[WhiteElo "2201"]
[BlackElo "2229"]
[PlyCount "124"]
[EventDate "2023.07.24"]
[EventType "swiss"]
[EventRounds "9"]
[EventCountry "DEN"]
[SourceTitle "Live v. Obro Skakforenin"]

1. d4 Nf6 2. c4 e6 3. Nc3 Bb4 4. a3 Bxc3+ 5. bxc3 b6 6. f3 O-O 7. e4 d6 8. Bg5
Nc6 9. Bd3 Ba6 10. f4 h6 11. Bh4 e5 12. fxe5 dxe5 13. d5 Na5 14. Nf3 Qd6 15.
O-O Bxc4 16. Bxf6 Qxf6 17. Nd4 Qd6 18. Nf5 Qc5+ 19. Kh1 Kh7 20. Rf3 g6 21. Ne3
Bxd3 22. Qxd3 Kg7 23. Raf1 Rad8 24. Rg3 Kh7 25. Ng4 Qc4 26. Nf6+ Kg7 27. Qf3
Rd6 28. Ne8+ Kh7 29. Nxd6 cxd6 30. h4 f5 31. h5 g5 32. exf5 Rf6 33. Rg4 Qc5 34.
Qd3 Qc7 35. Rb4 Kg7 36. g4 Kf7 37. Kg2 Ke7 38. Re1 Kd8 39. Ree4 Nb7 40. Re3 Na5
41. Kf3 Ke7 42. Ke2 Kd8 43. Kd2 Ke7 44. Kc2 Kd8 45. Ree4 Qc5 46. Re2 Qc7 47.
Qb5 Qd7 48. Qxd7+ Kxd7 49. Ra4 Rf7 50. Ree4 Ke7 51. Rxa5 bxa5 52. Ra4 Kf6 53.
Kd3 Re7 54. Rc4 Rb7 55. Rc8 Rb1 56. Rh8 Kg7 57. Rd8 Rd1+ 58. Kc4 Rg1 59. Rxd6
Rxg4+ 60. Kc5 Rf4 61. Rg6+ Kf7 62. d6 g4 1-0